000 01027nac a22002771i 4500
003 EG-ScBUE
005 20250720110752.0
008 250709s1976 nyua f b 001 0 eng d
020 _a012205850X
040 _aEG-ScBUE
_beng
_erda
_cEG-ScBUE
_dEG-ScBUE
082 0 4 _a541.28
_bDAV
_222
100 1 _aDavidson, Ernest R.,
_eauthor.
245 1 0 _aReduced density matrices in quantum chemistry /
_cErnest Roy Davidson, Department of Chemistry, University of Washington, Seattle, Washington.
264 1 _aNew York :
_bAcademic Press,
_c1976.
300 _aviii, 135 pages :
_billustrations ;
_c24 cm.
336 _2rdacontent
_atext
_btxt
337 _aunmediated
_2rdamedia
_bn
338 _avolume
_bnc
_2rdacarrier
490 0 _aTheoretical chemistry : a series of monographs ;
_vvolume 6
504 _aIncludes bibliographical references and index.
650 7 _aQuantum chemistry.
_2BUEsh
650 7 _aDensity matrices.
_2BUEsh
655 _vReading book
942 _cBB
_2ddc
999 _c1763
_d1763